[Event "CZE-tht Extraliga 2018-19"]
[Site "Czech Republic"]
[Date "2019.04.19"]
[Round "9.7"]
[White "Pulpan, Jakub"]
[Black "Vlasak, Lukas"]
[Result "1/2-1/2"]
[WhiteElo "2418"]
[BlackElo "2415"]
[Annotator "NA RC"]
[PlyCount "31"]
[EventDate "2018.11.03"]
[EventType "team-tourn"]
[EventCountry "CZE"]
[SourceTitle "playchess.com"]
[Source "ChessBase"]
[SourceQuality "1"]
[WhiteTeam "Pardubice"]
[BlackTeam "Turnov"]
[TimeControl "40/5400+30:1800+30"]

1. e4 {[%emt 0:00:00]} c6 {[%emt 0:00:00]} 2. d4 {[%emt 0:01:07]} d5 {[%emt 0:00:00]} 3. exd5 {[%emt 0:00:38]} cxd5 {[%emt 0:00:00]} 4. Bd3 {[%emt 0:00:31]} Nc6 {[%emt 0:00:38]} 5. c3 {[%emt 0:00:13]} Nf6 {[%emt 0:01:59]} 6. Bf4 {[%emt 0:00:24]} Bg4 {[%emt 0:01:08]} 7. Qb3 {[%emt 0:00:28]} Qc8 {[%emt 0:00:14]} 8. Nd2 {[%emt 0:00:57]} e6 {[%emt 0:00:22]} 9. Ngf3 {[%emt 0:01:20]} Bh5 {[%emt 0:00:09]} 10. O-O {[%emt 0:04:57]} Bg6 {[%emt 0:01:14]} 11. Bxg6 {[%emt 0:05:27]} hxg6 {[%emt 0:00:13]} 12. Rae1 {[%emt 0:05:29]} Be7 {[%emt 0:02:12]} 13. Bg5 {[%emt 0:03:00]} Qc7 {[%emt 0:04:01]} 14. Bf4 {[%emt 0:11:41]} Qc8 {[%emt 0:05:39]} 15. Bg5 {[%emt 0:04:22]} Qc7 {[%emt 0:01:01]} 16. Bf4 {[%emt 0:05:27]} 1/2-1/2

[Event "CZE-tht Extraliga 2018-19"]
[Site "Czech Republic"]
[Date "2019.04.19"]
[Round "9.7"]
[White "Hollan, Martin"]
[Black "Jasny, Stanislav"]
[Result "0-1"]
[WhiteElo "2387"]
[BlackElo "2347"]
[Annotator "TA"]
[PlyCount "55"]
[EventDate "2018.11.03"]
[EventType "team-tourn"]
[EventCountry "CZE"]
[SourceTitle "playchess.com"]
[Source "ChessBase"]
[SourceQuality "1"]
[WhiteTeam "Cesky Tesin"]
[BlackTeam "Beskydska"]

{[%evp 23,55,27,47,42,41,37,32,24,33,33,35,14,22,-37,-19,-28,-54,-35,-28,-60,-74,-95,-92,-132,-60,-94,0,-19,135,77,98,127,143,75]} 1. c4 Nf6 2. Nc3 g6 3. d4 Bg7 4. e4 d6 5. Nf3 O-O 6. Be2 e5 7. O-O Nc6 8. d5 Ne7 9. b4 a5 10. Ba3 axb4 11. Bxb4 b6 12. a4 Re8 13. Nd2 {E97: King's Indian: Classical Main Line (6...e5 7 0-0 Nc6): 8 Be3 and 8 d5 Ne7, not 9 Ne1} (13. Re1 Bf8 14. Bf1 c5 15. Ba3 Bg7 16. Bb2 Rf8 17. Nb5 Ne8 18. Nd2 f5 19. Bc3 f4 20. a5 bxa5 {½-½ (42) Fressinet,L (2700)-Grischuk,A (2764) Beijing 2012}) 13... c5 14. Ba3 Rf8 {[#]} 15. Nb5 $146 {White is slightly better.} ({Predecessor:} 15. Bb2 Ne8 {½-½ (51) Rogozenco,D (2530)-Miljanic,B (2431) Bucharest 2002}) 15... Ne8 16. Bb2 Bh6 17. Qc2 f5 18. f4 (18. f3 $11) 18... exf4 $15 ({Not} 18... Bxf4 {[#]} 19. Rxf4 $1 {[%mdl 512]} exf4 20. Qc3 $18) 19. e5 dxe5 20. Bxe5 g5 $1 21. Bd3 Ng6 22. Bb2 g4 23. Rae1 Qg5 (23... Bg7 $17 24. Bxg7 Nxg7) 24. Nb3 Bd7 (24... f3 $1 $17 25. a5 bxa5) 25. a5 $11 {[%cal Ba4a5,Ba5b6][%mdl 32]} Nh4 $2 (25... Qd8 $1 $11) 26. Bc1 ({White should play} 26. axb6 f3 27. b7 (27. Nxc5 Nxg2 28. Rxe8 Raxe8 $16)) 26... Qf6 {With the idea ...f3.} 27. axb6 f3 {[#] Hoping for ...Bxc1.} 28. Nxc5 {[%mdl 32768] Accuracy: White = 42%, Black = 51%. . Loss on time!?} (28. b7 $142 Rd8 29. Bxh6 (29. Nxc5 Bxb5 30. Bxh6 Qxh6 $16) (29. Bb2 Qf7 $16) 29... Qxh6 30. Nxc5 Bxb5 31. Re6) 0-1

[Event "CZE-tht Extraliga 2018-19"]
[Site "Czech Republic"]
[Date "2019.04.19"]
[Round "9.7"]
[White "Obsivac, Josef"]
[Black "Chytilek, Roman"]
[Result "1/2-1/2"]
[WhiteElo "2285"]
[BlackElo "2331"]
[Annotator "TA"]
[PlyCount "83"]
[EventDate "2018.11.03"]
[EventType "team-tourn"]
[EventCountry "CZE"]
[SourceTitle "playchess.com"]
[Source "ChessBase"]
[SourceQuality "1"]
[WhiteTeam "Brno"]
[BlackTeam "Duras"]

{[%evp 10,83,9,13,22,13,36,10,13,9,8,15,18,23,17,21,10,22,14,14,44,6,8,8,23,7,10,12,70,0,0,-6,0,-8,57,52,61,63,48,64,75,0,61,51,58,50,89,53,103,60,59,0,64,-9,56,48,54,20,17,36,39,14,14,28,31,0,0,0,0,0,0,0,0,0,0,0]} 1. d4 Nf6 2. c4 e6 3. Nc3 d5 4. Bg5 Be7 5. e3 h6 6. Bf4 b6 {D53: Queen's Gambit Declined: 4 Bg5 Be7: Early deviations} (6... O-O 7. Rc1 b6 8. cxd5 Nxd5 9. Nxd5 Qxd5 10. a3 Ba6 11. Ne2 c5 12. dxc5 Qxd1+ 13. Rxd1 Bxc5 14. Nc3 Bxf1 15. Rxf1 {1-0 (75) Flom,G (2474)-Haimovich,T (2388) Herzliya 2017}) 7. Nf3 Bb7 8. Bd3 dxc4 9. Bxc4 O-O 10. O-O Nbd7 {[%cal Bb8d7,Bd7f6,Bf6d5,Bd5c3][%mdl 32]} 11. Qe2 Nd5 12. Rac1 $146 ({Predecessor:} 12. Nxd5 exd5 13. Ba6 Qc8 14. Bxb7 Qxb7 15. Rfd1 c5 16. dxc5 bxc5 17. Rac1 {½-½ (17) Lengyel,L-Donner,J Cienfuegos 1972}) 12... Nxf4 13. exf4 Nf6 14. Rfd1 Nd5 15. g3 Nxc3 16. Rxc3 Bd6 17. Ne5 Bxe5 18. Qxe5 Re8 (18... Rc8 $11) 19. Bb5 (19. f5 $14) 19... Re7 $11 20. Rdc1 Rc8 21. a3 f6 ({Black should play} 21... a6 $11 22. Ba4 Bd5) 22. Qe3 $1 $14 Qd5 {[%csl Gb7][%cal Rd5h1] [#]} 23. Bc6 $36 {[%mdl 2048] White has good play.} Bxc6 24. Rxc6 Kf7 25. Qc3 (25. h4 $16) 25... Rd7 (25... Rd8 $11) 26. h3 a5 27. Qe3 h5 28. Qe2 Ke7 29. Kh2 h4 30. g4 (30. gxh4 $14 Qxd4 31. Rxe6+ (31. Qxe6+ Kf8 $14) 31... Kf7 32. Re4) 30... Kf7 (30... Qxd4 $11 31. Rxe6+ Kf8) 31. Qe3 ({Better is} 31. Kg1 $14) 31... a4 ({Black should try} 31... Qxd4 $11 32. Qxd4 (32. Qxe6+ Kf8 $11) 32... Rxd4) 32. Kg1 Re7 33. Rxb6 cxb6 34. Rxc8 {[%mdl 4096] Endgame KQR-KQR} Rd7 35. f5 {[#] Hoping for fxe6+.} Re7 36. fxe6+ Rxe6 37. Rc7+ Kg8 {The position is equal.} 38. Qd2 Re4 39. Rc8+ Kf7 40. Rc7+ Kg8 41. Rc8+ Kf7 42. Rc7+ {Accuracy: White = 42%, Black = 39%.} 1/2-1/2

[Event "CZE-tht Extraliga 2018-19"]
[Site "Czech Republic"]
[Date "2019.04.19"]
[Round "9.7"]
[White "Bartos, Jan"]
[Black "Meduna, Eduard"]
[Result "1/2-1/2"]
[WhiteElo "2178"]
[BlackElo "2380"]
[Annotator "NA"]
[PlyCount "37"]
[EventDate "2018.11.03"]
[EventType "team-tourn"]
[EventCountry "CZE"]
[SourceTitle "playchess.com"]
[Source "ChessBase"]
[SourceQuality "1"]
[WhiteTeam "Siesta B"]
[BlackTeam "Lysa nad Labem"]
[TimeControl "40/5400+30:1800+30"]

1. d4 {[%emt 0:00:41]} d5 {[%emt 0:00:37]} 2. c4 {[%emt 0:00:07]} c6 {[%emt 0:00:08]} 3. cxd5 {[%emt 0:00:06]} cxd5 {[%emt 0:00:16]} 4. Nf3 {[%emt 0:00:03]} Nc6 {[%emt 0:00:36]} 5. Bf4 {[%emt 0:00:04]} Nf6 {[%emt 0:00:23]} 6. Nc3 {[%emt 0:00:04]} Bf5 {[%emt 0:00:09]} 7. e3 {[%emt 0:00:10]} e6 {[%emt 0:00:10]} 8. Qb3 {[%emt 0:00:06]} Bb4 {[%emt 0:00:35]} 9. Ne5 {[%emt 0:00:14]} Qa5 {[%emt 0:14:54]} 10. Nxc6 {[%emt 0:06:59]} bxc6 {[%emt 0:00:58]} 11. a3 {[%emt 0:00:25]} Bxc3+ {[%emt 0:03:11]} 12. bxc3 {[%emt 0:01:14]} O-O {[%emt 0:01:56]} 13. Qb4 {[%emt 0:02:49]} Qb6 {[%emt 0:00:32]} 14. f3 {[%emt 0:12:10]} Rfc8 {[%emt 0:02:00]} 15. Bd6 {[%emt 0:13:54]} Nd7 {[%emt 0:04:20]} 16. c4 {[%emt 0:02:54]} Qd8 {[%emt 0:17:13]} 17. c5 {[%emt 0:19:29]} a5 {[%emt 0:03:12]} 18. Qc3 {[%emt 0:01:20]} f6 {[%emt 0:07:23]} 19. Bd3 {[%emt 0:04:25]} 1/2-1/2

[Event "CZE-tht Extraliga 2018-19"]
[Site "Czech Republic"]
[Date "2019.04.19"]
[Round "9.7"]
[White "Krajina Ales"]
[Black "Bures, Jaroslav"]
[Result "0-1"]
[WhiteElo "2126"]
[BlackElo "2384"]
[Annotator "TA"]
[PlyCount "96"]
[EventDate "2018.11.03"]
[EventType "team-tourn"]
[EventCountry "CZE"]
[SourceTitle "playchess.com"]
[Source "ChessBase"]
[SourceQuality "1"]
[WhiteTeam "Ostrava"]
[BlackTeam "Poruba"]

{[%evp 16,96,-2,-6,1,-4,0,-22,-15,-21,-14,-11,-6,-19,8,-10,-10,-15,-8,-22,-9,-39,-42,-89,-84,-172,-185,-167,-182,-176,-171,-182,-164,-193,-197,-193,-191,-204,-182,-189,-96,-100,0,-185,-193,-181,-179,-197,-180,-299,-231,-331,-302,-445,-443,-390,-461,-468,-468,-468,-468,-454,-454,-452,-450,-440,-410,-377,-260,-396,-352,-602,-597,-589,-550,-526,-412,-369,-346,-537,-530,-29981,-29981]} 1. d4 Nf6 2. Nf3 e6 3. Bf4 c5 4. c3 d5 5. e3 Bd6 6. Bxd6 Qxd6 7. Nbd2 Nc6 8. Bb5 O-O 9. O-O Rd8 $146 {D02: 1 d4 d5 2 Nf3 sidelines, including 2...Nf6 3 g3 and 2...Nf6 3 Bf4} ({Predecessor:} 9... Bd7 10. a4 a6 11. Bxc6 Bxc6 12. Ne5 Nd7 13. Nxd7 Bxd7 14. a5 b6 15. Qb3 b5 16. Qd1 b4 17. Nb3 bxc3 18. bxc3 cxd4 19. cxd4 {0-1 (45) Kveinys,A (2521)-Kryvoruchko,Y (2597) Cappelle-la-Grande 2008}) 10. a3 Bd7 11. Bxc6 Bxc6 {The position is equal.} 12. Ne5 Bb5 13. Re1 Nd7 14. Nxd7 Rxd7 15. Qh5 Bd3 16. dxc5 Qxc5 17. Qe5 Rc8 18. Rec1 Rdc7 19. h4 Qb6 20. Qd4 (20. Ra2 $17 {was the only defense.}) 20... Qxb2 $19 {[%cal Rc7c3]} 21. Qxd3 {Hoping for Rcb1.} Rxc3 22. Rxc3 {[%cal Rc3c8]} Qxa1+ 23. Nb1 {[%cal Rc3c8]} Rxc3 {[%mdl 64] Overworked Piece} 24. Qxc3 {[%cal Rc3c8]} Qxb1+ {[%mdl 4096] Endgame KQ-KQ} 25. Kh2 {[%cal Rc3c8]} h6 26. Qc8+ Kh7 27. Qd7 Qf5 (27... a5 $19 {And now ...b5 would win.} 28. Qxf7 b5) 28. Kg1 $17 {[#]} Qb1+ (28... d4 $1 $17 29. Qxd4 Qb1+ 30. Kh2 a5) 29. Kh2 $19 {[#]} a5 $1 {[%cal Ba7a5,Ba5a4][%mdl 32]} 30. Qxf7 Qf5 31. Qxb7 Qxf2 {[%mdl 64] Double Attack} 32. Qb6 (32. Qb1+ {is a better defense.} Kg8 33. Qb8+ Kf7 34. Qa7+ Kf6 35. Qd4+ Kg6 36. Qg4+ Kf7 37. Qd4) 32... Qxh4+ 33. Kg1 Qe4 34. Kf2 (34. Qxa5 $142 Qxe3+ 35. Kf1) 34... a4 35. Qd6 e5 36. Qe6 h5 37. Qe8 Kh6 38. Qh8+ Kg6 39. Qe8+ Kg5 40. Qe7+ Kh6 41. Qf8 Qc2+ 42. Kf3 (42. Kg3 $142) 42... Qd1+ 43. Kf2 $2 (43. Kg3 Qe1+ 44. Kh2) 43... Qd2+ 44. Kf1 Qxe3 {White must now prevent ...Qf4+.} 45. Qh8+ Kg6 46. Qe8+ Kg5 47. Qd8+ (47. Qxa4 {was forced.} Qc1+ 48. Kf2) 47... Kf5 48. Qxd5 Qf4+ {Accuracy: White = 32%, Black = 62%.} 0-1

[Event "CZE-tht Extraliga 2018-19"]
[Site "Czech Republic"]
[Date "2019.04.19"]
[Round "9.8"]
[White "Priehoda, Vitezslav"]
[Black "Kozak, Milos"]
[Result "1-0"]
[WhiteElo "2360"]
[BlackElo "2174"]
[Annotator "NA"]
[PlyCount "79"]
[EventDate "2018.11.03"]
[EventType "team-tourn"]
[EventCountry "CZE"]
[SourceTitle "playchess.com"]
[Source "ChessBase"]
[SourceQuality "1"]
[WhiteTeam "Lysa nad Labem"]
[BlackTeam "Siesta B"]
[TimeControl "40/5400+30:1800+30"]

1. d4 {[%emt 0:00:00]} Nf6 {[%emt 0:00:00]} 2. c4 {[%emt 0:00:00]} e6 {[%emt 0:00:00]} 3. Nf3 {[%emt 0:00:00]} b6 {[%emt 0:00:07]} 4. a3 {[%emt 0:00:00]} Bb7 {[%emt 0:00:06]} 5. Nc3 {[%emt 0:00:03]} d5 {[%emt 0:00:04]} 6. Bg5 {[%emt 0:00:15]} Be7 {[%emt 0:00:08]} 7. e3 {[%emt 0:01:37]} O-O {[%emt 0:04:08]} 8. Rc1 {[%emt 0:01:14]} Nbd7 {[%emt 0:02:39]} 9. cxd5 {[%emt 0:01:13]} exd5 {[%emt 0:00:22]} 10. Be2 {[%emt 0:04:49]} c5 {[%emt 0:04:20]} 11. O-O {[%emt 0:02:07]} Ne4 {[%emt 0:08:29]} 12. Bxe7 {[%emt 0:02:45]} Qxe7 {[%emt 0:00:27]} 13. dxc5 {[%emt 0:12:54]} Nxc3 {[%emt 0:00:40]} 14. Rxc3 {[%emt 0:00:16]} Nxc5 {[%emt 0:04:02]} 15. Nd4 {[%emt 0:06:23]} Rfc8 {[%emt 0:02:47]} 16. Bg4 {[%emt 0:08:40]} Ne6 {[%emt 0:06:23]} 17. Qd2 {[%emt 0:14:08]} Rxc3 {[%emt 0:10:14]} 18. Qxc3 {[%emt 0:00:07]} g6 {[%emt 0:00:46]} 19. Nxe6 {[%emt 0:01:58]} fxe6 {[%emt 0:00:09]} 20. Qe5 {[%emt 0:00:03]} Kf7 {[%emt 0:14:46]} 21. Rc1 {[%emt 0:00:10]} Rc8 {[%emt 0:00:07]} 22. Rxc8 {[%emt 0:00:35]} Bxc8 {[%emt 0:00:02]} 23. Qh8 {[%emt 0:02:13]} Qf8 {[%emt 0:12:02]} 24. Qxh7+ {[%emt 0:00:13]} Qg7 {[%emt 0:00:02]} 25. Qxg7+ {[%emt 0:00:33]} Kxg7 26. h4 Kf6 {[%emt 0:01:46]} 27. f4 {[%emt 0:02:41]} Ba6 {[%emt 0:00:43]} 28. Kf2 {[%emt 0:02:14]} e5 {[%emt 0:00:29]} 29. Be2 {[%emt 0:01:30]} Bc8 {[%emt 0:00:42]} 30. g4 {[%emt 0:00:37]} exf4 {[%emt 0:01:49]} 31. exf4 {[%emt 0:00:14]} d4 {[%emt 0:00:34]} 32. Kg3 {[%emt 0:01:46]} Be6 {[%emt 0:00:55]} 33. g5+ {[%emt 0:00:29]} Kg7 {[%emt 0:00:19]} 34. Bd3 {[%emt 0:00:49]} Bd5 {[%emt 0:01:44]} 35. Kf2 {[%emt 0:03:13]} Bc6 {[%emt 0:00:22]} 36. Ke2 {[%emt 0:00:58]} Bd5 {[%emt 0:00:45]} 37. Kd2 {[%emt 0:00:08]} Bb3 {[%emt 0:00:31]} 38. f5 {[%emt 0:01:09]} gxf5 {[%emt 0:00:23]} 39. Bxf5 {[%emt 0:00:02]} Bc4 {[%emt 0:00:16]} 40. h5 {[%emt 0:00:05]} 1-0

[Event "CZE-tht Extraliga 2018-19"]
[Site "Czech Republic"]
[Date "2019.04.19"]
[Round "9.8"]
[White "Vesselovsky, Serguei"]
[Black "Kawulok, Marek"]
[Result "1/2-1/2"]
[WhiteElo "2335"]
[BlackElo "2179"]
[Annotator "TA"]
[PlyCount "49"]
[EventDate "2018.11.03"]
[EventType "team-tourn"]
[EventCountry "CZE"]
[SourceTitle "playchess.com"]
[Source "ChessBase"]
[SourceQuality "1"]
[WhiteTeam "Beskydska"]
[BlackTeam "Cesky Tesin"]

{[%evp 13,49,4,3,0,8,0,26,14,20,6,4,1,6,0,24,-4,-1,-48,-50,-62,0,-6,-8,-16,0,-6,0,0,0,0,0,0,0,-11,0,0,18,16]} 1. e4 e5 2. Nf3 Nc6 3. Nc3 Nf6 4. Bb5 Bb4 5. O-O O-O 6. Bxc6 dxc6 7. d3 Re8 8. Ne2 {C49: Four Knights: 4 Bb5 Bb4} Bf8 9. b3 Bg4 $146 ({Predecessor:} 9... Nd7 10. Bb2 c5 11. Nd2 Nb8 12. Nc4 Nc6 13. Ne3 {½-½ (13) Benko,P (2425)-Pinter,J (2565) Germany 1995}) 10. Nd2 {White has an edge.} Nd7 11. f3 Bh5 12. Nc4 f6 13. Bb2 c5 14. g4 Bf7 15. f4 exf4 16. Nxf4 Bxc4 ({Black should play} 16... b5 $1 $15 17. Ne3 c4) 17. bxc4 $11 {The position is equal.} Bd6 18. Rb1 b6 19. Qf3 Be5 20. Kh1 Bxb2 21. Rxb2 Ne5 22. Qg3 Qd7 23. h3 Rf8 24. Rbb1 Qd6 25. Kg2 {Accuracy: White = 36%, Black = 35%.} 1/2-1/2

[Event "CZE-tht Extraliga 2018-19"]
[Site "Czech Republic"]
[Date "2019.04.19"]
[Round "9.8"]
[White "Cech, Pavel"]
[Black "Petr.Martin"]
[Result "1-0"]
[WhiteElo "2326"]
[BlackElo "2463"]
[Annotator "RC"]
[PlyCount "81"]
[EventDate "2018.11.03"]
[EventType "team-tourn"]
[EventCountry "CZE"]
[SourceTitle "playchess.com"]
[Source "ChessBase"]
[SourceQuality "1"]
[WhiteTeam "Turnov"]
[BlackTeam "Pardubice"]
[TimeControl "40/5400+30:1800+30"]

1. d4 {[%emt 0:00:00]} Nf6 {[%emt 0:00:00]} 2. c4 {[%emt 0:00:57]} g6 {[%emt 0:00:09]} 3. Nc3 {[%emt 0:00:42]} d5 {[%emt 0:00:09]} 4. cxd5 {[%emt 0:00:21]} Nxd5 {[%emt 0:00:08]} 5. e4 {[%emt 0:00:05]} Nxc3 {[%emt 0:00:04]} 6. bxc3 {[%emt 0:00:04]} Bg7 {[%emt 0:00:06]} 7. Nf3 {[%emt 0:00:14]} c5 {[%emt 0:00:05]} 8. Rb1 {[%emt 0:00:17]} O-O {[%emt 0:02:29]} 9. Be2 {[%emt 0:00:07]} b6 {[%emt 0:00:10]} 10. O-O {[%emt 0:00:08]} Bb7 {[%emt 0:00:04]} 11. Qd3 {[%emt 0:00:09]} cxd4 {[%emt 0:12:45]} 12. cxd4 {[%emt 0:04:14]} Nd7 {[%emt 0:00:08]} 13. Ba3 {[%emt 0:10:39]} Re8 {[%emt 0:03:23]} 14. d5 {[%emt 0:06:31]} Rc8 {[%emt 0:06:56]} 15. Rbc1 {[%emt 0:07:05]} a6 {[%emt 0:04:44]} 16. Rxc8 {[%emt 0:11:27]} Qxc8 {[%emt 0:00:08]} 17. Rc1 {[%emt 0:00:35]} Qb8 {[%emt 0:04:52]} 18. Nd4 {[%emt 0:09:13]} Bh6 {[%emt 0:07:40]} 19. Rc2 {[%emt 0:17:06]} Ne5 {[%emt 0:00:50]} 20. Qh3 {[%emt 0:03:59]} Bg7 {[%emt 0:03:31]} 21. f4 {[%emt 0:10:45]} Ng4 {[%emt 0:00:15]} 22. e5 {[%emt 0:03:40]} h5 {[%emt 0:00:42]} 23. Nc6 {[%emt 0:01:16]} Bxc6 {[%emt 0:00:46]} 24. dxc6 {[%emt 0:00:39]} Qc7 {[%emt 0:09:55]} 25. Bxg4 {[%emt 0:01:53]} hxg4 {[%emt 0:00:05]} 26. Qxg4 {[%emt 0:00:11]} Rd8 {[%emt 0:00:08]} 27. h4 {[%emt 0:02:34]} Rd4 {[%emt 0:01:23]} 28. Qg5 {[%emt 0:02:11]} Bf8 {[%emt 0:06:15]} 29. h5 {[%emt 0:00:47]} Qd8 {[%emt 0:01:24]} 30. Bd6 {[%emt 0:01:10]} Rxd6 {[%emt 0:01:19]} 31. exd6 {[%emt 0:00:28]} Qxd6 {[%emt 0:00:02]} 32. Kh2 {[%emt 0:01:08]} Qd3 {[%emt 0:00:57]} 33. Rc1 {[%emt 0:02:31]} Qd2 {[%emt 0:00:14]} 34. Rb1 {[%emt 0:00:32]} Qd6 {[%emt 0:03:11]} 35. Rxb6 {[%emt 0:01:01]} Qc7 {[%emt 0:00:27]} 36. Rxa6 {[%emt 0:00:29]} Kh7 {[%emt 0:00:08]} 37. hxg6+ {[%emt 0:00:11]} fxg6 {[%emt 0:00:05]} 38. Qe5 {[%emt 0:01:14]} Qc8 {[%emt 0:00:05]} 39. Ra3 {[%emt 0:01:08]} Qxc6 {[%emt 0:00:22]} 40. Rh3+ {[%emt 0:00:14]} Kg8 {[%emt 0:00:12]} 41. Rh8+ {[%emt 0:30:24]} 1-0

[Event "CZE-tht Extraliga 2018-19"]
[Site "Czech Republic"]
[Date "2019.04.19"]
[Round "9.8"]
[White "Vyskocil, Neklan"]
[Black "Vymazal Bronislav"]
[Result "1-0"]
[WhiteElo "2286"]
[BlackElo "2367"]
[Annotator "TA"]
[PlyCount "67"]
[EventDate "2018.11.03"]
[EventType "team-tourn"]
[EventCountry "CZE"]
[SourceTitle "playchess.com"]
[Source "ChessBase"]
[SourceQuality "1"]
[WhiteTeam "Duras"]
[BlackTeam "Brno"]

{[%evp 10,79,58,57,166,60,54,57,61,16,34,-2,31,6,45,38,34,34,48,36,44,31,31,10,56,43,54,47,76,63,46,24,41,29,41,44,100,41,43,16,34,50,43,46,71,78,69,28,39,44,60,80,71,42,149,123,119,124,109,113,319,328,383,391,426,424,713,404,1147,1022,1968,2467]} 1. e4 c5 2. Nf3 Nf6 3. e5 Nd5 4. Nc3 Nxc3 5. dxc3 Nc6 6. Bf4 b6 {[#] B29: Sicilian: 2 Nf3 Nf6 (Nimzowitsch Variation)} (6... e6 $14) (6... e6 7. Qd2 h6 8. h4 a6 9. h5 b5 10. a4 b4 11. Bd3 Bb7 12. Be4 Qc7 13. O-O bxc3 14. bxc3 Ne7 15. Bxb7 Qxb7 {1-0 (77) Carlsen,M (2835)-Popov,I (2592) St Petersburg 2018}) 7. Qd2 $146 (7. e6 $1 $18 fxe6 8. Ng5) ({Predecessor:} 7. Bc4 e6 8. O-O Bb7 9. Re1 Qc7 10. Ng5 h6 11. Ne4 Na5 12. Nd6+ Bxd6 13. exd6 Qc6 14. Bf1 {0-1 (40) Taddei,B (2288)-Totsky,L (2484) Pardubice 2011}) 7... Bb7 8. O-O-O e6 {White is slightly better.} 9. Bc4 h6 10. Qe2 Qc7 11. Rd2 O-O-O 12. Rhd1 g5 13. Bg3 Be7 14. Kb1 Rhg8 15. Ne1 g4 16. Ba6 h5 17. Bxb7+ Kxb7 18. Qe4 Rg5 19. f4 Rf5 20. Nd3 Kb8 21. Bf2 d5 22. exd6 $1 Bxd6 {[#]} (22... Rxd6 $14 23. g3 Qc8) 23. Be3 ({White should try} 23. Bh4 $1 $16 {[%cal Rh4d8]} Rf8 24. c4) 23... Be7 $14 24. a3 Bf6 25. Nf2 Rxd2 26. Rxd2 Ne7 27. c4 Nc6 28. c3 Be7 29. Qd3 Qd8 30. Qc2 Qc8 31. Ne4 (31. b4 $5) 31... e5 (31... Na5 $14) 32. Ng3 $16 Rf6 33. fxe5 Nxe5 34. Bg5 {Played: Qc2-e4} 1-0

[Event "CZE-tht Extraliga 2018-19"]
[Site "Czech Republic"]
[Date "2019.04.19"]
[Round "9.8"]
[White "Caletka, Radomir"]
[Black "Bachorik, Otto"]
[Result "1-0"]
[WhiteElo "2280"]
[BlackElo "2143"]
[Annotator "ChessBase"]
[PlyCount "105"]
[EventDate "2018.11.03"]
[EventType "team-tourn"]
[EventCountry "CZE"]
[SourceTitle "playchess.com"]
[Source "ChessBase"]
[SourceQuality "1"]
[WhiteTeam "Poruba"]
[BlackTeam "Ostrava"]
[TimeControl "40/5400+30:1800+30"]

1. c4 e6 2. g3 Nf6 3. Bg2 d5 4. Nf3 Be7 5. O-O O-O 6. b3 b6 7. Bb2 Bb7 8. e3 Nbd7 9. Nc3 dxc4 10. bxc4 c5 11. Qe2 Qc7 12. Nb5 Qc6 13. a4 a6 14. Nc3 Ne5 15. Ne1 Qd7 16. Bxb7 Qxb7 17. f4 Nc6 18. g4 Na5 19. d3 Nd7 20. Rf3 Rfe8 21. g5 f5 22. gxf6 Bxf6 23. Ne4 Bxb2 24. Qxb2 Re7 25. Qc3 Rf8 26. Rg3 Nc6 27. Nf3 Qc7 28. Nh4 e5 29. f5 Nf6 30. Ng5 Nd8 31. Rg2 Qd6 32. Rb1 Rd7 33. Rd1 Re7 34. Qb3 Rfe8 35. Rb2 Rb7 36. Qc2 Rd7 37. Qg2 e4 38. d4 cxd4 39. exd4 Qc6 40. Qe2 Qxa4 41. Rxb6 Qa5 42. c5 Qc3 43. Qa2+ Kh8 44. Ng6+ hxg6 45. Rb3 Nd5 46. Rxc3 Nxc3 47. Qg2 Nxd1 48. Qh3+ Kg8 49. Qh7+ Kf8 50. Qh8+ Ke7 51. Qxg7+ Nf7 52. Qxf7+ Kd8 53. Ne6+ 1-0

[Event "CZE-tht Extraliga 2018-19"]
[Site "Czech Republic"]
[Date "2019.04.19"]
[Round "9.8"]
[White "Kovar, Vojtech"]
[Black "Kriebel, Tadeas"]
[Result "0-1"]
[WhiteElo "2231"]
[BlackElo "2514"]
[Annotator "TA"]
[PlyCount "84"]
[EventDate "2018.11.03"]
[EventType "team-tourn"]
[EventCountry "CZE"]
[SourceTitle "playchess.com"]
[Source "ChessBase"]
[SourceQuality "1"]
[WhiteTeam "Siesta"]
[BlackTeam "Novoborsky"]

{[%evp 18,84,27,24,16,28,39,26,22,16,27,35,41,29,34,35,36,21,32,18,13,-27,14,-10,0,-6,0,0,0,0,0,0,0,-16,-10,-12,-12,-27,-24,-25,-29,-41,-39,-61,-61,-61,-61,-59,-56,-65,-18,-38,-30,-56,-64,-129,-130,-185,-185,-230,-230,-221,-169,-335,-202,-320,-320,-298,-223]} 1. e4 e5 2. Nf3 Nc6 3. Bb5 a6 4. Ba4 Nf6 5. O-O Be7 6. Re1 b5 7. Bb3 d6 8. c3 Na5 9. Bc2 c5 10. d4 exd4 {C90: Closed Ruy Lopez with 7...d6: Early deviations} 11. cxd4 Bg4 12. dxc5 $146 ({Predecessor:} 12. d5 Nc4 13. h3 Bxf3 14. Qxf3 Nd7 15. a4 O-O 16. b3 Nce5 17. Qe2 Bf6 18. Ra2 {½-½ (58) Kanovsky,D (2414)-Ragger,M (2690) Czech Republic 2018}) 12... dxc5 {White has an edge.} 13. Qxd8+ Rxd8 14. Ne5 Be6 15. Bd2 $1 {[%cal Rd2a5]} Nc4 16. Nxc4 Bxc4 17. Ba5 Rb8 18. Nd2 Be6 $1 19. Nb3 Nd7 20. Rad1 Nb6 21. Bc3 Nc4 22. Bd3 f6 23. Bxc4 Bxc4 24. Na5 Bxa2 25. Nc6 Rb6 26. Nxe7 Kxe7 27. e5 {White threatens exf6+ and mate.} Be6 28. b4 cxb4 29. Bxb4+ Kf7 30. Rc1 Rc8 31. Rxc8 Bxc8 $15 {[%mdl 4096] Endgame KRB-KRB} 32. Rc1 {Threatens to win with Rc7+.} Bd7 33. Rc7 Ke6 34. f4 f5 35. Kf2 Rc6 36. Rxc6+ (36. Ra7 $15) 36... Bxc6 {KB-KB} 37. Ke3 (37. g3 $17) 37... Bxg2 $19 38. Kd4 {[#]} g5 $1 39. fxg5 f4 40. h4 $2 (40. Be1 {keeps fighting.}) 40... Kf5 41. Bc3 {[#]} (41. Bd2 {was necessary.}) 41... Bf3 $1 {[%cal Rf3b7]} 42. Kc5 Bh5 {Accuracy: White = 43%, Black = 77%.} 0-1